01086nam a2200217 a 450000100100000000500170001000800410002702000180006804000250008608200160011110000390012724501600016626000500032630000280037650400320040470000520043695201290048895201140061795201200073199900170085100004886020240316073905.0190422s2016 dr a r 000 0 spa d a9781535502627 aDO-SdBNPbspacBNPHU axxxxbR666d1 aRobiou Lamarche, Sebastián9966910aDe aquí y de allá :bantología de escritos en el tiempo y el espacio 1980-2016 /cSebastián Robiou Lamarche ; presentación Marcio Veloz Maggiolo. aSan Juan, Puerto Rico :bPunto y coma,c2016. a424 p. :bil. ;c23 cm. aBibliografía : p. 403-4161 aVeloz Maggiolo, Marcio,d1936-2021epres.91104 001054708DSaGRbGRcHDd2019-04-22iLF1l0oxxxx R666dp48860-30r2020-06-25te. 3w2020-06-25yLFDSZPréstamo en sala 0010718PDaPDbPDcHDd2019-04-22iLF1l0oxxxx R666dp48860-10r2020-06-25w2020-06-25yLFPDZNo se presta 0010718PDaPDbPDcHDd2019-04-22iLF1l0oxxxx R666dp48860-20r2020-06-25te. 2w2020-06-25yLFPDZNo se presta c48348d48348